This man was Ireland, (Record no. 123619)
[ view plain ]
| 000 -LEADER | |
|---|---|
| fixed length control field | 00617cam a2200205u 4500 |
| 001 - CONTROL NUMBER | |
| control field | 8795441 |
| 003 - CONTROL NUMBER IDENTIFIER | |
| control field | ARRUPE |
| 005 - DATE AND TIME OF LATEST TRANSACTION | |
| control field | 20151028090722.0 |
| 008 - FIXED-LENGTH DATA ELEMENTS--GENERAL INFORMATION | |
| fixed length control field | 830518s1943 nyu 000 0 eng |
| 010 ## - LIBRARY OF CONGRESS CONTROL NUMBER | |
| LC control number | 43007296 |
| 040 ## - CATALOGING SOURCE | |
| Original cataloging agency | DLC |
| Transcribing agency | CarP |
| Modifying agency | DLC |
| 050 00 - LIBRARY OF CONGRESS CALL NUMBER | |
| Classification number | PR6029.F35 |
| Item number | T47 1943 |
| 300 ## - PHYSICAL DESCRIPTION | |
| Dimensions | 22 cm. |
| 100 1# - MAIN ENTRY--PERSONAL NAME | |
| Personal name | Farren, Robert |
| Dates associated with a name | 1909- |
| 9 (RLIN) | 20569 |
| 245 10 - TITLE STATEMENT | |
| Title | This man was Ireland, |
| Remainder of title | a poem |
| Statement of responsibility, etc | Robert farren |
| 260 ## - PUBLICATION, DISTRIBUTION, ETC. (IMPRINT) | |
| Place of publication, distribution, etc | New York, |
| Name of publisher, distributor, etc | Sheed & Ward, |
| Date of publication, distribution, etc | 1943. |
| 300 ## - PHYSICAL DESCRIPTION | |
| Extent | x p., 1 l., 229 p. |
| 600 00 - SUBJECT ADDED ENTRY--PERSONAL NAME | |
| Personal name | Columba, |
| Titles and other words associated with a name | Saint, 521-597 |
| Form subdivision | Poetry. |
| 9 (RLIN) | 20570 |
| 906 ## - LOCAL DATA ELEMENT F, LDF (RLIN) | |
| a | 0 |
| b | cbc |
| c | premunv |
| d | u |
| e | ncip |
| f | 19 |
| g | y-gencatlg |
| 942 ## - ADDED ENTRY ELEMENTS (KOHA) | |
| Source of classification or shelving scheme | Library of Congress Classification |
| Koha item type | Monograph ( Printed materials) |
| Withdrawn status | Lost status | Source of classification or shelving scheme | Damaged status | Not for loan | Collection code | Home library | Current library | Shelving location | Date acquired | Total Checkouts | Full call number | Barcode | Date last seen | Price effective from | Koha item type |
|---|---|---|---|---|---|---|---|---|---|---|---|---|---|---|---|
| Library of Congress Classification | Main Collection | ARRUPE LIBRARY | ARRUPE LIBRARY | Main Collection | 28/10/2015 | PR6029.F35 T47 1943 | 46500005330 | 28/10/2015 | 28/10/2015 | Monograph ( Printed materials) |